1661 1063 1412 1056 1580 1202 1214 1438 1650 1671 1783 1380 1131 1816 1963 1149 1546 1006 1430 1804 1500 1498 1666 1538 1005 1849 1761 1388 1379 1136 1515 1965 1499 1019 1033 1940 1830 1247 1374 1813 1994 1168 1890 1646 1762 1610 1067 1337 1545 1496 1181 1111 1874 1507 1144 1627 1981 1893 1353 1138 1320 1390 1322 1955 1085 1445 1887 1277 1916 1007 1103 1198 1430 1953 1629 1897 1839 1336 1015 1026 1741 1367 1027 1387 1428 1003 1028 1614 1293 1241 1657 1871 1425 1656 1497 1541 1153 1867 1552 BCNSPRNW ULIB Ver.6.0+V

เปลี่ยนเป็นภาษาไทย

Change to English
 แสดงรายละเอียดบรรณานุกรม
  กลับหน้าหลัก

Brief Record : Get Marc (ISO 2709) : E-mail record : QR code < ปิดหน้าต่าง
LEADER : 00000nam 2200000uu 4500
001    13399124981
003     ULIB
008    160527s2558||||th 000 0 tha d
020    ^a9789990095678 (v.2)
060 04 ^aWO100^bต367 ล.2
245 00 ^aตำราศัลยศาสตร์ Vol.2 : Textbook of surgery Vol.2/^cสุทธิพร จิตต์มิตรภาพ,พัฒน์พงศ์ นาวีเจริญ, บรรณาธิการ
246 31 ^aTextbook of surgery
250    ^aพิมพ์ครั้งที่ 13
260    ^aกรุงเทพฯ :^bศูนย์หนังสือจุฬาลงกรณ์มหาวิทยาลัย,^c2558
300    ^a2 เล่ม. :^bภาพประกอบ. ;^c26 ซม.
505 0  ^aHistory and Development of Surgery ... An Approach to Surgery ... Evidence Based Surgery ... Surgery and patient safety ... Responses to Injury ... Fluid, Electrolytes and Acid-Base ... Shock ... Wound Healing and Wound care ... Nutrition in The Surgery patients ... Hemostasis, Surgical Bleeding and Tranfution ... Cardiopulmonary Resuscitation ... Surgical Infection ... Tranplantation ... Anesthsia ... Preoperative and Postoperative Care ... Multiple Organ Dysfunction Syndrome ... Surgical Oncology ... Minimally Invasive Surgery ... Trauma: General Principles ... Burn ... Bites and Stings ... Spinal Injury ... Injury of the neck ... Facial Injuries ... Chest Injury ... Abdominal Injury ... Urology Injury ... Vascular Injury ... General Principle of injury to bones and joints ... Head Injury ... Hand Injury ... Acute Abdomen ... Acute GL Bleeding ... Lower Gastrointestinal Hemorrhage
650  7 ^aศัลยศาสตร์
650  7 ^aศัลยศาสตร์^xตำราเรียน
700 0  ^aสุทธิพร จิตต์มิตรภาพ,^eบรรณาธิการ
700 0  ^aพัฒน์พงศ์ นาวีเจริญ,^eบรรณาธิการ
710 2  ^aจุฬาลงกรณ์มหาวิทยาลัย. ^bคณะแพทยศาสตร์. ^bภาควิชาศัลยศาสตร์
945    ^p470^l0^i23674
945    ^p470^l0^i23675
945    ^p470^l0^i23676
999    ^aทศพร เกษรทอง
รายการนี้ยังไม่มีแท็ก
คุณยังไม่ได้ล็อกอิน คุณสามารถมีกิจกรรมร่วมกับเว็บไซต์ได้ แต่ต้องล็อกอินก่อน ::
  ล็อกอิน

รายการสื่อสารสนเทศ

ลำดับที่ ประเภท เลขเรียก/บาร์โค้ด สถานที่ สถานะ
1. วิทยาศาสตร์การแพทย์ และสุขภาพ
วิทยาศาสตร์การแพทย์ และสุขภาพ
สถานะ=หนังสือเก่า
WO100 ต367 ล.2 ฉ.1 
  Barcode: 23674
ห้องสมุดวิทยาเขตนครสวรรค์
►ส่วนจัดเก็บหนังสือเก่า นว.
บนชั้น
  ขอยืม
2. วิทยาศาสตร์การแพทย์ และสุขภาพ
วิทยาศาสตร์การแพทย์ และสุขภาพ
สถานะ=หนังสือเก่า
WO100 ต367 ล.2 ฉ.2 
  Barcode: 23675
ห้องสมุดวิทยาเขตนครสวรรค์
►ส่วนจัดเก็บหนังสือเก่า นว.
บนชั้น
  ขอยืม
3. วิทยาศาสตร์การแพทย์ และสุขภาพ
วิทยาศาสตร์การแพทย์ และสุขภาพ
สถานะ=หนังสือเก่า
WO100 ต367 ล.2 ฉ.3 
  Barcode: 23676
ห้องสมุดวิทยาเขตนครสวรรค์
►ส่วนจัดเก็บหนังสือเก่า นว.
บนชั้น
  ขอยืม

รายการใกล้เคียง
    หัวเรื่อง [ศัลยศาสตร์]

BibComment


ยังไม่เคยถูกคอมเมนท์

คอมเมนท์ทรัพยากรรายการนี้
  คอมเมนท์: ตำราศัลยศาสตร์ V..


 Copyright 2026. Bcnsprnw @Library